The Jero plays: the trial of brother Jero: Jero’s metamorphosis

Gardado en:
Detalles Bibliográficos
Autor Principal: SOYINKA, Wole
Formato: Libro
Idioma:inglés
Publicado: Spectrum Books, 1964
Tags: Engadir etiqueta
Sen Etiquetas, Sexa o primeiro en etiquetar este rexistro!

MARC

LEADER 00000nam a22000007a 4500
008 210122b ||||| |||| 00| 0 eng d
020 |a  978-978-029-742-8 
100 |a SOYINKA, Wole 
245 |a The Jero plays: the trial of brother Jero:   |b  Jero’s metamorphosis  |c Wole Soyinka 
260 |b Spectrum Books,   |c 1964  |h Ibadan  |i 981073 – Afr., 981072  |l PR9387.9 .So9J34  |m Nigeria – Drama 
942 |a lcc  |c BK  |e Mr ogunleye 
952 |0 0  |1 0  |2 lcc  |4 0  |6 PR93879 S O9 J34  |7 0  |9 1605  |a HOL  |b AC  |d 2021-01-22  |l 0  |o PR9387.9 .So9J34  |p 2021-0393  |r 2021-01-22 00:00:00  |w 2021-01-22  |y BK 
952 |0 0  |1 0  |2 lcc  |4 0  |6 PR93879 S O9 J34  |7 0  |9 1606  |a HOL  |b HOL  |d 2021-01-22  |l 0  |o PR9387.9 .So9J34  |p 2021-0394  |r 2021-01-22 00:00:00  |w 2021-01-22  |y BK 
999 |c 850  |d 850